Hviezdoslav Vrchlickému

Bibliographic Details
Main Author: Rosenbaum, Karol, 1920-2001 (Author)
Format: Article
Language:Slovak
Subjects:

MARC

LEADER 00000cab a2200000 4500
001 vtls011525726
003 SK-MaSNL
005 20260305004626.0
008 230704|1953 xo |||||||||||||||||slo|
015 |a SNBRB 
035 |a (urnnbn)urn:nbn:sk:snk:ar-008mwx 
035 |a (uuid)bb0b9cdd-628b-4389-96cf-82248e027a52 
035 |a urn:nbn:sk:snk-abecyo 
040 |a SNKBUCL  |b slo  |c SNKBUCL  |e AACR2 
041 0 |a slo 
044 |a xo  |c SK 
072 7 |a 821.162.4-1  |x Slovenská poézia  |2 konspekt 
080 |a 82.091:821.162.4-1  |2 2011 
100 1 |a Rosenbaum, Karol,  |d 1920-2001  |4 aut  |9 103255 
245 1 0 |a Hviezdoslav Vrchlickému  |c Karol Rosenbaum 
600 1 7 |a Hviezdoslav, Pavol Országh,  |d 1849-1921  |2 SNKMA  |9 92721 
600 1 7 |a Vrchlický, Jaroslav,  |d 1853-1912  |2 SNKMA  |9 221036 
650 0 7 |a slovenská literatúra  |2 SNKPH  |9 1115 
650 0 7 |a slovenská poézia  |2 SNKPH  |9 215422 
650 0 7 |a slovenskí básnici  |2 SNKPH  |9 67856 
655 7 |a štúdie  |2 SNKPH  |9 57033 
773 0 |t Slovenské pohľady  |g Roč. 69, č. 2-3 (1953), s. 221-225 
850 |a Slovenská národná knižnica 
852 |a Slovenská národná knižnica 
954 |a odborná, vedecká literatúra pôvodná (slovenská)  |2 lita 
958 |a LX 
958 |a BX 
958 |a OND 
958 |a EUIPO 
958 |a article21 
999 |c 3236691  |d 3238621